[Event "1st European Rapid Ch"]
[Site "Neum BIH"]
[Date "2000.10.03"]
[Round "7"]
[White "Vaganian,R"]
[Black "Chernin,A"]
[Result "1/2-1/2"]
[WhiteElo "2623"]
[BlackElo "2572"]

1.Nf3 d5 2.g3 Bg4 3.Bg2 Nd7 4.c4 dxc4 5.Na3 c6 6.Nxc4 g6 7.b4 Bg7 8.Rb1 Be6
9.Na5 Bxa2 10.Bb2 Ngf6 11.Ra1 Bd5 12.O-O b6 13.Nb3 O-O 14.d3 Ne8 15.Qc2 e5
16.Nbd2 c5 17.bxc5 bxc5 18.Ra3 Nc7 19.Rfa1 a6 20.Ne4 Be6 21.h3 Qe7 22.Ra5 Rfc8
23.Nfd2 Rab8 24.e3 Rb5 25.Nc3 Rxa5 26.Rxa5 h6 27.Ba3 Rb8 28.Na4 Rb5 29.Rxb5 axb5
30.Nxc5 Nxc5 31.Bxc5 Qd7 32.Ba3 Bd5 33.Ne4 Ne6 34.Bf1 f5 35.Nc3 Bc6 36.Qb3 Kh7
37.h4 h5 38.Bb4 Bf6 39.Qa2 Kg7 40.Qb3  1/2-1/2

[Event "Cup Rectora"]
[Site "Kharkov UKR"]
[Date "2000.10.04"]
[Round "4"]
[White "Itkis,B"]
[Black "Kalugin,S"]
[Result "1/2-1/2"]
[WhiteElo "2384"]
[BlackElo "2455"]

1.Nf3 d5 2.g3 Bg4 3.Bg2 Nd7 4.d3 e6 5.O-O Bc5 6.Nbd2 Ne7 7.c4 O-O 8.a3 Bd6
9.b4 c5 10.cxd5 Nxd5 11.Nc4 Be7 12.Bd2 Bf6 13.Rc1 b5 14.Ne3 Nxe3 15.Bxe3 cxb4
16.axb4 Nb6 17.Bc5 Re8 18.Nd2 Nd5 19.h3 Bh5 20.Ne4 Be7 21.Qd2 a5 22.bxa5 Bxc5
23.Rxc5 Rxa5 24.Rfc1 b4 25.Rxa5 Qxa5 26.g4 Bg6 27.Nd6 Rb8 28.Nc4 Qb5 29.Rb1 Nc3
30.Rb3 Rd8 31.Qb2 Qc5 32.Ne3 f6 33.Bf3 Rb8 34.Kh1 Be8 35.Qa1 Kf8 36.Qa6 Ke7
37.Kg2 Bd7 38.Nc4 g6 39.e3 e5 40.Na5 Rb6 41.Qa7 Nb5 42.Qa8 Nd6 43.d4 Qb5
44.g5 fxg5 45.dxe5 Nf5 46.Bb7 Rxb7 47.Qxb7 Qxa5 48.Qxb4+ Ke6 49.e4 Bc6 50.f3 Ne7
51.Rd3 Kxe5 52.Rd8 h5 53.Kg3  1/2-1/2

[Event "It"]
[Site "Medellin COL"]
[Date "2000.10.08"]
[Round "13"]
[White "Castro,O"]
[Black "Echavarria,J"]
[Result "1/2-1/2"]
[WhiteElo "2376"]
[BlackElo "2328"]

1.Nf3 d5 2.g3 c6 3.Bg2 Bg4 4.c4 Nd7 5.cxd5 cxd5 6.Qb3 Nc5 7.Qe3 Bxf3 8.Qxf3 e6
9.O-O Nf6 10.b3 Be7 11.Bb2 O-O 12.d3 Rc8 13.Nd2 Qa5 14.Rfd1 Ncd7 15.a3 Rc2
16.Bc1 Qc3 17.Rb1 Ra2 18.b4 Qc2 19.Re1 Nb6 20.Bf1 Na4 21.d4 Ne4 22.Nxe4 Qxb1
23.Nc5 Nxc5 24.dxc5 Qe4 25.Qxe4 dxe4 26.Bg2 f5 27.f3 Rc8 28.fxe4 b6 29.cxb6 axb6
30.exf5 Ra1 31.Bd2 Rxe1+ 32.Bxe1 Rc1 33.Kf2 Ra1 34.fxe6 Rxa3 35.Bd5 Kf8 36.Bd2 Ra4
37.Kf3 h6 38.Ke4 Bd8 39.Bc3 Ra3 40.Bb2 Ra4 41.Kd3 Be7 42.Bc3 Ra3 43.Kc2 Bf6
44.Bd2 Bd4 45.Bb3 Ke7 46.h4 Bf2 47.Bf4 Be1 48.b5 Bf2 49.h5 Ra1 50.Be5 Rh1
51.g4 g6 52.g5 Rxh5 53.Bf6+ Ke8 54.Bd5 Bc5 55.Be4 Rxg5 56.Bxg5 hxg5  1/2-1/2

[Event "Tatry Open"]
[Site "Tatranske Zruby SVK"]
[Date "2000.10.08"]
[Round "2"]
[White "Petran,Pe"]
[Black "Svoboda,S"]
[Result "0-1"]
[WhiteElo "2336"]
[BlackElo "2172"]

1.g3 d5 2.Nf3 Nf6 3.Bg2 c6 4.d3 Bf5 5.b3 e6 6.Bb2 Nbd7 7.Nh4 Bg4 8.h3 Bh5
9.g4 Bg6 10.Nd2 Bd6 11.e3 e5 12.Qf3 Ng8 13.Nf5 Bxf5 14.gxf5 Qf6 15.c3 Ne7
16.e4 d4 17.Nc4 Bc7 18.b4 b5 19.Nd2 a5 20.cxd4 axb4 21.Nb3 exd4 22.Bxd4 Be5
23.Bxe5 Nxe5 24.Qg3 c5 25.O-O c4 26.d4 N5c6 27.Nd2 Nxd4 28.Kh1 Rd8 29.Rab1 O-O
30.Nf3 Ne2 31.Qg4 c3 32.Ng1 Nxg1 33.Rxg1 c2 34.Rbc1 Rd2 35.f4 Rfd8 36.Bf3 Rf2
37.Qg3 Rdd2 38.e5 Qh6 39.Rgf1 Rxf1+ 40.Rxf1 Nxf5 41.Qg4 Qg6 42.Qxg6 hxg6
43.Kg1 Ne3 44.Rc1 Rd1+  0-1

[Event "EuYCh G18"]
[Site "Halkidiki GRE"]
[Date "2000.10.09"]
[Round "8"]
[White "Ismailova,P"]
[Black "Balogh,E"]
[Result "1-0"]
[WhiteElo "2108"]
[BlackElo "2001"]

1.Nf3 d5 2.g3 Nf6 3.Bg2 c6 4.d3 Nbd7 5.c3 e5 6.Qc2 Bd6 7.Nbd2 Qe7 8.e4 O-O
9.O-O Re8 10.Re1 dxe4 11.dxe4 Bc5 12.b4 Bb6 13.Nc4 Ng4 14.Nxb6 Nxb6 15.h3 Nf6
16.Be3 Nc4 17.Bc5 Qc7 18.Qb3 Be6 19.Ng5 b5 20.Nxe6 Rxe6 21.f3 Nh5 22.Kh2 Rg6
23.Bf2 Qe7 24.Re2 Qg5 25.h4 Qe7 26.a4 Rh6 27.axb5 cxb5 28.Rea2 a6 29.Bf1 g5
30.Bxc4 bxc4 31.Qxc4 gxh4 32.g4 Qf6 33.gxh5 Qf4+ 34.Kg1 Qxf3 35.Qe2 Qxe2
36.Rxe2 Rxh5 37.Rea2 Rc8 38.Bc5 h3 39.Rxa6 Rh4 40.Ra8 Rxa8 41.Rxa8+ Kg7 42.b5 h2+
43.Kh1 Rxe4 44.b6  1-0

[Event "Tatry Open"]
[Site "Tatranske Zruby SVK"]
[Date "2000.10.09"]
[Round "3"]
[White "Tikovsky,A"]
[Black "Mrva,V"]
[Result "0-1"]
[WhiteElo "2117"]
[BlackElo "2240"]

1.g3 d5 2.Nf3 Nf6 3.Bg2 e6 4.O-O Be7 5.b3 O-O 6.Bb2 c5 7.c4 Nc6 8.cxd5 exd5
9.d4 b6 10.Nc3 Bb7 11.Rc1 Na5 12.dxc5 bxc5 13.Na4 Nd7 14.Ne1 d4 15.Qd3 Bxg2
16.Nxg2 Nc6 17.Ba3 Qa5 18.Qe4 Rac8 19.Nf4 Rfe8 20.Qf5 Nb6 21.Bxc5 Nxa4 22.bxa4 g6
23.Qe5 Red8 24.Qe4 Bxc5 25.Nd3 Nb4 26.Nxc5 Rxc5 27.Qe7  0-1

[Event "Essent Open"]
[Site "Hoogeveen NED"]
[Date "2000.10.13"]
[Round "1"]
[White "Vogel,J"]
[Black "Gleizerov,E"]
[Result "1/2-1/2"]
[WhiteElo "2272"]
[BlackElo "2557"]

1.Nf3 d5 2.g3 g6 3.Bg2 Bg7 4.d4 Nf6 5.c4 dxc4 6.Na3 O-O 7.Nxc4 Be6 8.b3 Bd5
9.O-O a5 10.a4 Nc6 11.Bb2 Qb8 12.Rc1 Rd8 13.e3 Nb4 14.Qe2 c6 15.Ba3 Qa7 16.Nfe5 e6
17.Nd2 Bxg2 18.Kxg2 Nfd5 19.Ndf3 Na6 20.h4 h6 21.Rh1 Qb6 22.h5 Qxb3 23.hxg6 fxg6
24.Ra1 Nab4 25.Nxg6 Qc2 26.Qxc2 Nxc2 27.Ra2 Nxa3 28.Rxa3 b5 29.Nge5 b4 30.Rb3 Ra6
31.Ng4 Nc3 32.Nxh6+ Bxh6 33.Rxh6 c5 34.dxc5 Nxa4 35.Rb1 Rd7 36.Rbh1 Rg7 37.Ne5 Kf8
38.Rh8+ Ke7 39.Rc8 b3 40.f4 b2 41.Kf3 Ra7 42.Nc6+ Kf6 43.Nxa7 Rxa7 44.Rb8 Rc7
45.Rb1 Rxc5 46.R1xb2 Nxb2 47.Rxb2 a4 48.Ra2 Ra5 49.Ra3 e5 50.Ke4 Ke6 51.g4 exf4
52.exf4 Kf6 53.Kd4 Ra8 54.Kc4 Rg8 55.Rg3 Re8 56.Kc3 Re4 57.Rf3 Kg6 58.Kb2  1/2-1/2

[Event "FSIMB October"]
[Site "Budapest HUN"]
[Date "2000.10.14"]
[Round "8"]
[White "Nemeth,Z"]
[Black "Galindo,R"]
[Result "1-0"]
[WhiteElo "2308"]
[BlackElo "2275"]

1.Nf3 d5 2.g3 c6 3.Bg2 Nf6 4.d3 g6 5.b3 Bg7 6.Bb2 O-O 7.Nbd2 Nbd7 8.c4 Re8
9.d4 Ne4 10.O-O Nxd2 11.Nxd2 Nf6 12.Re1 Bf5 13.Qc1 Qc8 14.e3 Bh3 15.Bh1 h5
16.e4 Nxe4 17.Nxe4 dxe4 18.Bxe4 Bf5 19.Bf3 Bg4 20.Bh1 Qd7 21.d5 Bxb2 22.Qxb2 Rad8
23.dxc6 bxc6 24.Re5 Bh3 25.Qe2 e6 26.Re1 Qc7 27.Qe3 Rd6 28.b4 Red8 29.Rc5 Rd3
30.Qc1 Qb6 31.a3 R8d6 32.Be4 Rd2 33.Bxc6 Qd8 34.Bd5 Ra2 35.Qb1 Rd2 36.Qc1 Ra2
37.Qb1 Rxa3 38.Bg2 Bxg2 39.Kxg2 Qf6 40.Qe4 Rd4 41.Qe2 Rb3 42.b5 Qd8 43.h4 Rd2
44.Qe5 Rbb2 45.Rf1 Re2 46.Qf4 Ra2 47.Rc7 Qf8 48.Rd7 Kg7 49.Rxa7 e5 50.Qf3 Rxa7
51.Qxe2 Qc5 52.Qe3 Qxe3 53.fxe3 Ra2+ 54.Rf2 Ra4 55.Rc2 Rb4 56.Kf3 f5 57.Ke2 Kf6
58.Kd2 Rb3 59.Ra2 f4 60.gxf4 exf4 61.exf4 Kf5 62.Kc2 Rb4 63.Kc3 Rb1 64.Rb2  1-0

[Event "FSGM October"]
[Site "Budapest HUN"]
[Date "2000.10.14"]
[Round "8"]
[White "Lukacs,P"]
[Black "Csom,I"]
[Result "1/2-1/2"]
[WhiteElo "2488"]
[BlackElo "2478"]

1.Nf3 d5 2.g3 c6 3.Bg2 Nf6 4.O-O Bf5 5.d3 e6 6.Nbd2 Be7 7.b3 Nbd7 8.Bb2 O-O
9.a3 a5 10.c4 Bg6 11.Rc1 Bd6 12.Rc2 Qe7 13.Qc1  1/2-1/2

[Event "Essent Open"]
[Site "Hoogeveen NED"]
[Date "2000.10.15"]
[Round "3"]
[White "Vogel,J"]
[Black "Rooda,K"]
[Result "1/2-1/2"]
[WhiteElo "2272"]
[BlackElo "2202"]

1.Nf3 d5 2.g3 Bg4 3.Bg2 c6 4.b3 Nf6 5.Bb2 Nbd7 6.c4 e6 7.O-O Be7 8.d3 O-O
9.Nbd2 a5 10.a3 Bd6 11.Qc2 e5 12.e4 d4 13.h3 Bxf3 14.Nxf3 c5 15.Bc1 Nh5 16.Bd2 Qe7
17.Nh2 Nb8 18.Bf3 Nf6 19.Be2 Nc6 20.f4 exf4 21.gxf4 Nd7 22.Kh1 f5 23.e5 Bc7
24.Bf3 Kh8 25.Bxc6 bxc6 26.Nf3 h6 27.Rae1 Rfe8 28.Rg1  1/2-1/2

[Event "Bundesliga 2000-1"]
[Site "Wattenscheid GER"]
[Date "2000.10.15"]
[Round "2"]
[White "Sandner,G"]
[Black "Bosch,Je"]
[Result "1/2-1/2"]
[WhiteElo "2333"]
[BlackElo "2405"]

1.Nf3 d5 2.g3 c5 3.Bg2 Nc6 4.d4 e6 5.O-O Nf6 6.c4 Be7 7.cxd5 exd5 8.Nc3 O-O
9.Bg5 cxd4 10.Nxd4 h6 11.Bxf6 Bxf6 12.Nb3 d4 13.Nd5 Be5 14.Nc5 Rb8 15.Nd3 Re8
16.Nxe5 Rxe5 17.e4 dxe3 18.Nxe3 Be6 19.a3 Qb6 20.Qa4 Nd4 21.Nc4 Bxc4 22.Qxc4 Rd8
23.b4 Re7 24.Rae1 Rc7 25.Qd3 Qf6 26.Qe4 b6 27.Kh1 Nb5 28.Re3 Nd6 29.Qf3 Qxf3
30.Bxf3 Nc4 31.Rc3 b5 32.a4 a6 33.axb5 axb5 34.Rd1 Rxd1+ 35.Bxd1 Rd7 36.Be2 Rd4
37.Kg2 Nd6 38.Rd3 Nf5 39.Rxd4 Nxd4 40.Bd3 Kf8 41.f4 Nc6 42.Bxb5 Nxb4  1/2-1/2

[Event "Bundesliga 2000-1"]
[Site "Wattenscheid GER"]
[Date "2000.10.15"]
[Round "2"]
[White "Aronian,L"]
[Black "Khenkin,I"]
[Result "1/2-1/2"]
[WhiteElo "2551"]
[BlackElo "2633"]

1.Nf3 d5 2.g3 Bg4 3.Bg2 Nd7 4.c4 e6 5.cxd5 exd5 6.O-O c6 7.d3 Bd6 8.a3 Ne7
9.Nbd2 O-O 10.h3 Bh5 11.b3 Qb6 12.Kh1 Ne5 13.Bb2 Nxf3 14.Nxf3 Bxf3 15.Bxf3 Rfe8
16.e3 Nf5 17.Bc1 g6 18.Rg1 Qc7 19.Ra2 Rad8 20.Bg4 Nh6 21.Bf3 Nf5 22.Bg4 Nh6  1/2-1/2

[Event "chT-SLO"]
[Site "Bled SLO"]
[Date "2000.10.16"]
[Round "3"]
[White "Golubovic,B"]
[Black "Sveshnikov,E"]
[Result "1/2-1/2"]
[WhiteElo "2466"]
[BlackElo "2555"]

1.Nf3 d5 2.g3 c6 3.Bg2 Nf6 4.O-O Bf5 5.d3 e6 6.c4 dxc4 7.dxc4 Nbd7 8.Nc3 Bb4
9.Nh4 Bg6 10.Qb3 Qa5 11.a3 Bxc3 12.bxc3 Qc7 13.Nxg6 hxg6 14.a4 Nc5 15.Qa3 Qe5
16.Bf4 Qf5 17.Rab1 Nfd7 18.Bd6 g5 19.Rfd1 g4 20.a5 Ne4 21.Bf4 Qc5 22.Qxc5 Nexc5
23.a6 b6 24.Bxc6 O-O-O 25.Bd6 Nb8 26.Bxc5 Rxd1+ 27.Rxd1 Nxc6 28.Be3 Rh5 29.c5 bxc5
30.Rb1 Rd5 31.c4 Rd7 32.Bxc5 Nb8 33.Ra1 Nc6 34.Be3 Nb4 35.Bc5 Nc6 36.Bf8 f5
37.c5 Rd2 38.Kf1 g5 39.Bh6 Rc2 40.Bxg5 Rxc5 41.Be3 Rc2 42.Ke1 Rb2 43.Bc1 Rb6
44.Be3 Rb2 45.Kd1 Kc7 46.Bc1 Rb3 47.Be3 Rb2 48.Bd2 e5 49.Bc3 Rb8 50.f3 Rh8
51.fxg4 fxg4 52.Ra4 Rg8 53.Kd2 Kd6 54.Kd3 Kd5 55.Rc4 Rg6 56.e4+ Kd6 57.Bd2 Rg8
58.Rc1 Rh8 59.Rf1 Rxh2 60.Rf6+ Kc5 61.Rg6 Nb4+ 62.Bxb4+ Kxb4 63.Rxg4 Ra2
64.Rg5 Rxa6 65.Rxe5 Rg6 66.Kd4 a5 67.Re8 a4 68.Rb8+ Ka3 69.e5 Ka2 70.Kd5 Rxg3
71.e6 Rd3+ 72.Kc6 Re3 73.Kd7 a3 74.e7 Ka1 75.Rb3  1/2-1/2

[Event "Essent Open"]
[Site "Hoogeveen NED"]
[Date "2000.10.20"]
[Round "8"]
[White "Vogel,J"]
[Black "Archangelsky,M"]
[Result "1/2-1/2"]
[WhiteElo "2272"]
[BlackElo "2430"]

1.Nf3 d5 2.g3 c6 3.b3 Bg4 4.Bg2 Nd7 5.Bb2 Ngf6 6.c4 e6 7.O-O Be7 8.d3 O-O
9.Nbd2 a5 10.a3 Qb6 11.Qc2 Rfd8 12.h3 Bh5 13.Bc3 Ne8 14.b4 axb4 15.axb4 Bf6
16.c5 Qc7 17.Bxf6 Nexf6 18.Qc3 e5 19.e4 dxe4 20.dxe4 Rxa1 21.Rxa1 Bxf3 22.Bxf3 Nf8
23.Nc4 Ne6 24.Qxe5 Qxe5 25.Nxe5 Ng5 26.Bg2 Ngxe4 27.Bxe4 Nxe4 28.Ra7 f6 29.Nf3 Rd7
30.Kg2 Nc3 31.h4  1/2-1/2

[Event "Essent Open"]
[Site "Hoogeveen NED"]
[Date "2000.10.21"]
[Round "9"]
[White "Visser,Y"]
[Black "Jonkman,H"]
[Result "1-0"]
[WhiteElo "2418"]
[BlackElo "2424"]

1.Nf3 d5 2.g3 c6 3.Bg2 Bg4 4.d3 Nd7 5.O-O Ngf6 6.Nc3 e5 7.h3 Bh5 8.e4 dxe4
9.dxe4 Bb4 10.Qe1 Bxf3 11.Bxf3 O-O 12.a3 Bc5 13.Nd1 Re8 14.Ne3 Nf8 15.b4 Bd4
16.c3 Bb6 17.Qe2 Ne6 18.h4 a5 19.Rd1 Qc7 20.Nc4 axb4 21.Nxb6 Qxb6 22.Be3 Qa5
23.cxb4 Qc7 24.Qc4 Ra4 25.Rd3 Rea8 26.Bd1 R4a6 27.f3 b5 28.Qc3 Nd7 29.Kg2 Nb6
30.Bb3 Na4 31.Qd2 Nf8 32.Rd1 Nb6 33.Bxb6 Qxb6 34.Qg5 Qc7 35.h5 h6 36.Qf5 Qe7
37.f4 Rxa3 38.fxe5 R3a7 39.Rd6 Re8 40.Rf1 Ne6 41.Bxe6 fxe6 42.Qg6 Ra2+ 43.Kh3 Rc2
44.Rfd1 Qf7 45.Rd8 Qxg6 46.hxg6 Kf8 47.Rf1+ Ke7 48.Rd6 Rf8 49.Ra1 Rc8 50.Ra7+ Kf8
51.Rf7+ Kg8 52.Rc7 Ra8 53.Rdd7 Re2 54.Rxg7+ Kh8 55.Kg4 Rb8 56.Rgf7 Rc2 57.Rf6 c5
58.g7+ Kg8 59.Rxh6  1-0

[Event "Belgian Interteams 2000-1"]
[Site "BEL"]
[Date "2000.10.22"]
[Round "2"]
[White "Kern,G"]
[Black "Nezar,M"]
[Result "1/2-1/2"]
[WhiteElo "2345"]
[BlackElo "2292"]

1.Nf3 d5 2.g3 Nf6 3.Bg2 c6 4.c4 Bf5 5.cxd5 cxd5 6.Qb3 Qc7 7.Nc3 e6 8.d3 Nc6
9.Bf4 Qd7 10.O-O Be7 11.e4 dxe4 12.dxe4 Bxe4 13.Nxe4 Nxe4 14.Rfd1 Qc8 15.Ne5 Nc5
16.Qb5 a6 17.Bxc6+ bxc6 18.Qb6 Qb7 19.Qxb7 Nxb7 20.Nxc6 Bf6 21.Rac1 Nd8 22.Nxd8 Bxd8
23.Bd6 h5 24.h4 Rg8 25.f4 f6 26.Re1 Kf7 27.Rc6 Re8 28.b4 Be7 29.Re3 Rec8
30.Rec3 Rxc6 31.Rxc6 Bxd6 32.Rxd6 Rb8 33.a3 a5 34.bxa5  1/2-1/2

[Event "11th ch-NATO"]
[Site "Leopoldsburg BEL"]
[Date "2000.10.24"]
[Round "3"]
[White "Tia,R"]
[Black "Doettling,F"]
[Result "0-1"]
[WhiteElo "2218"]
[BlackElo "2473"]

1.g3 d5 2.Nf3 Nf6 3.d3 Bg4 4.Nbd2 c6 5.Bg2 Nbd7 6.h3 Bh5 7.O-O e5 8.e4 dxe4
9.dxe4 Bc5 10.Qe1 Qe7 11.c3 Bxf3 12.Nxf3 a5 13.a4 O-O 14.Nh4 g6 15.Qd2 Rfd8
16.Qc2 Qe6 17.Nf3 Ba7 18.Ng5 Qe7 19.Re1 Nc5 20.Bf1 Ne6 21.Bc4 Nxg5 22.Bxg5 Kg7
23.b3 h6 24.Bxf6+ Qxf6 25.Kg2 Rd7 26.Rad1 Rad8 27.Rxd7 Rxd7 28.Re2 Qd6 29.Kf1 Rd8
30.Ke1 Qf6 31.Rd2 Rxd2 32.Qxd2 Qf3 33.Qe2 Qh1+ 34.Kd2 Qxh3 35.Qf3 Qd7+ 36.Ke2 h5
37.Kf1 Qh3+ 38.Kg1 f6 39.Bf1 Qd7 40.Qd3 Qe6 41.Qd1 Qe7 42.Bh3 Bc5 43.Qd7 Qxd7
44.Bxd7 Ba3 45.c4 Kh6 46.Bc8 b6 47.Bb7 c5 48.Kg2 Kg5 49.Kh3 f5 50.f3 Bb4
51.Bc8 Be1 52.Bd7 Bc3 53.Bc8 Bd2 54.Bd7 Be1 55.Bc8 h4 56.g4 fxe4 57.fxe4 Kf4
58.Bb7 g5 59.Bc6 Ke3 60.Bb7 Kd3 61.Bc6 Kc3 62.Bb5 Kxb3 63.Kg2 Kc3 64.Kf3 h3
65.Ba6 Kd2 66.Bb5 Bh4  0-1

[Event "22nd Open"]
[Site "Arco ITA"]
[Date "2000.10.27"]
[Round "7"]
[White "Di Lazzaro,G"]
[Black "Diotallevi,M"]
[Result "0-1"]
[WhiteElo "2015"]
[BlackElo "2090"]

1.Nf3 d5 2.g3 g6 3.Bg2 Bg7 4.d4 Nf6 5.O-O O-O 6.c4 c6 7.b3 Be6 8.Ng5 Bf5
9.Nc3 h6 10.Nf3 Na6 11.Ba3 Re8 12.Nh4 Be6 13.c5 g5 14.Nf3 Ne4 15.Bb2 Nxc3
16.Bxc3 Nxc5 17.Nd2 f5 18.Rc1 Nd7 19.f3 Qb6 20.Nb1 Rf8 21.Qd2 Qd8 22.e3 Qe8
23.b4 Nb6 24.Na3 a6 25.Rfe1 Qf7 26.Qe2  0-1

[Event "34th Olympiad"]
[Site "Istanbul TUR"]
[Date "2000.10.29"]
[Round "2"]
[White "Minasian,Art"]
[Black "Motwani,P"]
[Result "1/2-1/2"]
[WhiteElo "2595"]
[BlackElo "2464"]

1.Nf3 d5 2.g3 g6 3.c4 dxc4 4.Na3 Bg7 5.Nxc4 Nc6 6.Bg2 e5 7.d3 Nge7 8.O-O O-O
9.Bd2 Re8 10.b4 Nd5 11.Rb1 Nd4 12.Na5 Rb8 13.e3 Nxf3+ 14.Bxf3 Be6 15.b5 Qd7
16.Qc2 Red8 17.Rfc1 h5 18.h4 Bf6 19.a4 Bg4 20.Be4 Be6 21.Bc3 Bg7 22.Ba1 f5
23.Bg2 f4 24.Nc4 fxg3 25.fxg3 Qe7 26.Be4 g5 27.Qe2 Nf6 28.Bg6 gxh4 29.Nxe5 Ng4
30.Nxg4 Bxg4 31.Qe1 Bxa1 32.Rxa1 Qd6 33.Be4 hxg3 34.Rc4 Rf8 35.Rd4 Qf6 36.Bd5+ Kh8
37.Qxg3 c5 38.bxc6 bxc6 39.Bg2 c5 40.Rf1 Qg7 41.Rdf4 Rxf4 42.Rxf4 Be2 43.Qh3 Bg4
44.Qg3 Be2 45.Qh3 Bg4 46.Qh4 Rg8 47.Rf2 Bf3 48.Qh3 Qa1+ 49.Kh2 Qe5+ 50.Kg1 Qa1+
51.Kh2 Qe5+ 52.Kg1  1/2-1/2

[Event "34th Olympiad"]
[Site "Istanbul TUR"]
[Date "2000.10.29"]
[Round "2"]
[White "Minasian,Art"]
[Black "Motwani,P"]
[Result "1/2-1/2"]
[WhiteElo "2595"]
[BlackElo "2464"]

1.Nf3 d5 2.g3 g6 3.c4 dxc4 4.Na3 Bg7 5.Nxc4 Nc6 6.Bg2 e5 7.d3 Nge7 8.O-O O-O
9.Bd2 Re8 10.b4 Nd5 11.Rb1 Nd4 12.Na5 Rb8 13.e3 Nxf3+ 14.Bxf3 Be6 15.b5 Qd7
16.Qc2 Red8 17.Rfc1 h5 18.h4 Bf6 19.a4 Bg4 20.Be4 Be6 21.Bc3 Bg7 22.Ba1 f5
23.Bg2 f4 24.Nc4 fxe3 25.fxe3 Qe7 26.Be4 g5 27.Qe2 Nf6 28.Bg6 gxh4 29.Nxe5 Bg4
30.Qe1 Qd6 31.Be4 hxg3 32.Rc4 Rf8 33.Rd4 Qd5 34.Bxd5+ Kh8 35.Qxg3 c5 36.bxc6  1/2-1/2

[Event "34th Olympiad"]
[Site "Istanbul TUR"]
[Date "2000.10.29"]
[Round "2"]
[White "Sargissian,G"]
[Black "Shaw,J"]
[Result "1-0"]
[WhiteElo "2474"]
[BlackElo "2435"]

1.Nf3 d5 2.g3 Nf6 3.Bg2 c6 4.O-O Bg4 5.d3 Nbd7 6.Nbd2 e5 7.e4 dxe4 8.dxe4 Bc5
9.h3 Bh5 10.Qe1 O-O 11.a4 Re8 12.Nh4 Qc7 13.Nc4 b5 14.Ne3 a6 15.Nef5 Nb6
16.a5 Nc4 17.b3 Qd6 18.Qe3 Qe6 19.Ng6 Bxg6 20.Nh4 Red8 21.Rd1 Qe7 22.Rxd8+ Qxd8
23.Nxg6 hxg6 24.Qxc5 Qxa5 25.Qxc6 Qd8 26.Qxa6 Qd1+ 27.Kh2 Qxc2 28.Qxb5 Qxf2
29.Qxe5 Qb6 30.Qc3 Qb8 31.b4 Nd7 32.Qe5 Ncxe5 33.b5 Kh7 34.b6 f5 35.h4  1-0

[Event "34th Olympiad"]
[Site "Istanbul TUR"]
[Date "2000.10.29"]
[Round "2"]
[White "Sargissian,G"]
[Black "Shaw,J"]
[Result "1-0"]
[WhiteElo "2474"]
[BlackElo "2435"]

1.Nf3 d5 2.g3 Nf6 3.Bg2 c6 4.O-O Bg4 5.d3 Nbd7 6.Nbd2 e5 7.e4 dxe4 8.dxe4 Bc5
9.h3 Bh5 10.Qe1 O-O 11.a4 Re8 12.Nh4 Qc7 13.Nc4 b5 14.Ne3 a6 15.Nef5 Nb6
16.a5 Nc4 17.b3 Nd6 18.Nxd6 Qxd6 19.Nf5 Qe6 20.Be3 Bxe3 21.Qxe3 Bg6 22.Nh4 Red8
23.Rfd1 Qe7 24.Rxd8+ Qxd8 25.Nxg6 hxg6 26.Qc5 Qc7 27.Rd1 Qxa5 28.Qxc6 Rd8
29.Rxd8+ Qxd8 30.Qxa6 Qd1+ 31.Kh2 Qxc2 32.Qxb5 Qxf2 33.Qxe5 Qb6 34.Qc3 Qb8
35.b4 Nd7 36.Qc6 Ne5 37.Qd5 Kh7 38.b5 f6 39.Qc5 Nd7 40.Qc6 Ne5 41.Qa6 Nc4
42.e5 Qxe5 43.b6 Ne3 44.Qe2 f5 45.Qf3 Nxg2 46.Kxg2 Qb2+ 47.Qf2 Qb3 48.h4 Qb5
49.Qe3 Qc6+ 50.Kf1 Qb5+ 51.Kg2 Qb2+ 52.Kf3 Qb4 53.Kg2 Qb2+ 54.Qf2 Qb4 55.Kg1 Qb1+
56.Kh2 Qb5 57.Kg2 Qc6+ 58.Kg1 Qc1+ 59.Kh2 Qb1 60.Qc5 Qb2+ 61.Kg1 Qb1+ 62.Kf2 Qb2+
63.Ke3 Qb3+ 64.Kd4 Qxg3 65.Qc7 Qf2+ 66.Kd5 Qd2+ 67.Ke6 Qa2+ 68.Ke7 Qe2+ 69.Kf8 Qb2
70.b7 Qf6+ 71.Ke8 Qe6+ 72.Qe7 Qg8+ 73.Kd7 Qd5+ 74.Kc8 Qc4+ 75.Kd8 Qd5+ 76.Qd7 Qa5+
77.Qc7 Qd5+ 78.Ke8 Qe4+ 79.Kf7 Qd5+ 80.Kf8  1-0

[Event "34th Olympiad Women"]
[Site "Istanbul TUR"]
[Date "2000.10.30"]
[Round "3"]
[White "Foisor,C"]
[Black "Mateus,Mar"]
[Result "1-0"]
[WhiteElo "2386"]
[BlackElo "2318"]

1.Nf3 d5 2.g3 g6 3.Bg2 Bg7 4.d4 Nf6 5.O-O O-O 6.c4 c6 7.cxd5 cxd5 8.Ne5 Bf5
9.Nc3 Nc6 10.e3 Rc8 11.h3 Ne4 12.Nxe4 Nxe5 13.Nc3 Nd3 14.g4 Be4 15.f3  1-0

[Event "34th Olympiad Women"]
[Site "Istanbul TUR"]
[Date "2000.10.30"]
[Round "3"]
[White "Hagesaether,E"]
[Black "Medic,Mir"]
[Result "1/2-1/2"]
[WhiteElo "2044"]
[BlackElo "2294"]

1.Nf3 d5 2.g3 c6 3.Bg2 Nf6 4.O-O Bg4 5.d3 e6 6.Qe1 Nbd7 7.e4 dxe4 8.dxe4 e5
9.Nbd2 Qc7 10.h3 Bxf3 11.Bxf3 Be7 12.Nc4 Nc5 13.b4 Na4 14.Be3 O-O 15.Rb1 Rfd8
16.Rb3 b5 17.Nb2 Nxb2 18.Rxb2 a5 19.bxa5 Rxa5 20.c4 Rda8 21.cxb5 cxb5 22.Qe2 b4
23.Rc1 Qd7 24.Kg2 Qe6 25.Rcc2 h6 26.Bd2 Rxa2 27.Bxb4 Rxb2 28.Rxb2 Bxb4 29.Rxb4 Qe7
30.Qb5 Rd8 31.Qb7 Qxb7 32.Rxb7 Rd4  1/2-1/2

[Event "34th Olympiad"]
[Site "Istanbul TUR"]
[Date "2000.10.30"]
[Round "3"]
[White "Aung Aung"]
[Black "Rodgaard,J"]
[Result "1/2-1/2"]
[WhiteElo "2495"]
[BlackElo "2351"]

1.Nf3 d5 2.g3 Nf6 3.Bg2 c6 4.O-O Bg4 5.c4 Nbd7 6.cxd5 cxd5 7.Nc3 e6 8.d3 Bc5
9.Bf4 O-O 10.Rc1 Qe7 11.d4 Bb6 12.h3 Bxf3 13.Bxf3 Rfc8 14.e3 Bc7 15.Qe2 Bxf4
16.gxf4 Nb6 17.b3 g6 18.Rc2 Rc7 19.Rfc1 Rac8 20.Nb1 Rxc2 21.Rxc2 Qd7 22.Rc5 Qd8
23.Qc2 Nfd7 24.Rxc8 Nxc8 25.Nd2 Nd6 26.Be2 Nf5 27.Nf3 Kg7 28.Bd3 Nd6 29.Kg2 h6
30.Qc3 Nf5 31.Qb4 Nb6 32.a4 Nd6 33.Qc5 Nbc8 34.Ne5 g5 35.fxg5 hxg5 36.Bb1 f6
37.Ng4 Nf5 38.Bxf5 exf5 39.Nh2 Qd7 40.Nf1 b6 41.Qc2 Nd6  1/2-1/2

[Event "34th Olympiad"]
[Site "Istanbul TUR"]
[Date "2000.10.31"]
[Round "4"]
[White "Datu,I"]
[Black "Magem Badals,J"]
[Result "1/2-1/2"]
[WhiteElo "2345"]
[BlackElo "2482"]

1.Nf3 d5 2.g3 Bg4 3.Bg2 Nd7 4.c4 e6 5.d4 c6 6.Nbd2 Ngf6 7.O-O Bd6 8.b3 O-O
9.Bb2 Qb8 10.Re1 Rd8 11.a3 h6 12.Qc1 Bf5 13.Bc3 Ne4 14.Nxe4 Bxe4 15.Nd2 Bxg2
16.Kxg2 b5 17.e4 bxc4 18.bxc4 Qb7 19.c5 Bc7 20.e5 Qa6 21.Qc2 Rab8 22.Rab1 Rxb1
23.Rxb1 Rb8 24.Rxb8+ Nxb8 25.Qb2 Nd7 26.Nf1 f6 27.f4 fxe5 28.fxe5 Nf8 29.Kf2 Ng6
30.Ne3 Ne7 31.Qb3 Kf7  1/2-1/2

[Event "Chigorin Mem"]
[Site "St Petersburg RUS"]
[Date "2000.10.31"]
[Round "1"]
[White "Demina,J"]
[Black "Ivanov,Se"]
[Result "0-1"]
[WhiteElo "2368"]
[BlackElo "2574"]

1.Nf3 d5 2.g3 g6 3.d4 Bg7 4.Bg2 Nf6 5.c4 dxc4 6.Na3 Nc6 7.Nxc4 Be6 8.b3 O-O
9.O-O a5 10.a4 Bd5 11.Bb2 Qc8 12.e3 Rd8 13.Qe2 h6 14.Rac1 Qe6 15.Rfd1 Rac8
16.Qf1 g5 17.Ne1 b6 18.Nc2 g4 19.f3 gxf3 20.Bxf3 Ne4 21.Ne1 Nb4 22.Nd3 Nxd3
23.Rxd3 Ng5 24.Bg2 Be4 25.Rdd1 Rd5 26.Qe2 Rcd8 27.h4 Bxg2 28.Qxg2 Ne4 29.Rf1 f5
30.Rf4 h5 31.Rcf1 Qg6 32.R4f3 c5 33.Qh3 cxd4 34.Bxd4 Bxd4 35.exd4 e6 36.Nxb6 Rxd4
37.Nc4 Rd3 38.Kh2 Qf6 39.Qg2 Qc3 40.Nb2 Rxf3 41.Rxf3 Qd2 42.Nc4 Qd1 43.Qh1 Qc2+
44.Qg2 Qb1 45.Re3 Rd1 46.Nxa5 Nf6 47.Qa8+ Kg7 48.Qb7+ Kg6  0-1

[Event "4th OIBM"]
[Site "Bad Wiessee GER"]
[Date "2000.11.01"]
[Round "5"]
[White "Weber,U"]
[Black "Lobron,E"]
[Result "1-0"]
[WhiteElo "2254"]
[BlackElo "2530"]

1.Nf3 d5 2.g3 c5 3.Bg2 Nc6 4.O-O e6 5.d3 Nf6 6.Nbd2 b6 7.e4 Bb7 8.Re1 Qc7
9.c3 O-O-O 10.exd5 Nxd5 11.a4 h6 12.Nc4 g5 13.Qb3 Ba6 14.Nfd2 Be7 15.Nb1 Rd7
16.Nba3 Qb8 17.Nb5 Rhd8 18.Be3 Na5 19.Nxa5 bxa5 20.Qc4 Qb6 21.Bd4 Bb7 22.b4 Nxb4
23.cxb4 Rxd4 24.Nxd4 Rxd4 25.bxc5 Bxc5 26.Qc2 Bxg2 27.Rec1 Kd7 28.Qxc5 Bd5
29.Qc8+ Ke7 30.Rc7+ Kd6 31.Qd7+ Ke5 32.Re1+ Kf5 33.Qxf7+ Kg4 34.h3+ Kxh3
35.Qh5+ Rh4 36.gxh4 g4 37.Re3+ Bf3 38.Rxf3+  1-0

[Event "34th Olympiad Women"]
[Site "Istanbul TUR"]
[Date "2000.11.01"]
[Round "5"]
[White "Voronova,T"]
[Black "Peicheva,E"]
[Result "0-1"]
[WhiteElo "2278"]
[BlackElo "2162"]

1.Nf3 d5 2.g3 Nf6 3.Bg2 c6 4.c4 Bg4 5.Ne5 e6 6.Nxg4 Nxg4 7.cxd5 exd5 8.Qb3 Qb6
9.Qxb6 axb6 10.O-O Bc5 11.d3 O-O 12.Nc3 b5 13.e3 d4 14.Ne4 Bb6 15.exd4 Bxd4
16.Nd6 Rd8 17.Nf5 Bf6 18.d4 Bxd4 19.Nxd4 Rxd4 20.h3 Nf6 21.Be3 Rda4 22.Rad1 Nbd7
23.g4 h6 24.a3 Nf8 25.Rd2 Ne6 26.Rfd1 b4 27.axb4 Rxb4 28.Rc2 Ra2 29.Rdd2 g5
30.Kh2 Kg7 31.Bf3 Ra1 32.Bg2 Rb1 33.Bf3 Nh7 34.Be2 Nhf8 35.Bc4 Ra4 36.Bxe6 Nxe6
37.Rd7 Rb4 38.Rdd2 Kg6 39.Kg2 h5 40.gxh5+ Kxh5 41.Re2 Rb5 42.Red2 c5 43.Re2 b6
44.Red2 Rb4 45.Re2 Kg6 46.Red2 Rb3 47.Re2 Ng7 48.f3 Ne6 49.Rcd2 Rb4 50.Kf2 Ng7
51.Kg2 Nf5 52.Bf2 f6 53.Rc2 Nd6 54.Be1 Rc4 55.Rcd2 Nf5 56.Bf2 Rb4 57.Rc2 Nd4
58.Bxd4 Rxd4 59.Re6 Rb4 60.Ree2 Kf5 61.Kg3 Rd1 62.Re7 Rd3 63.Rf2 g4 64.hxg4+ Rxg4+
65.Kh2 Rg6 66.Re4 Rd4 67.Rfe2 Rd3 68.b4 Rd8 69.Rg2 Rxg2+ 70.Kxg2 Rd4 71.bxc5 bxc5
72.Re2 Kf4 73.Rc2 c4 74.Kf2 f5 75.Ke2 Ke5 76.Ra2 Rd5 77.Ra8 c3 78.Rc8 Kd4
79.Kd1 Kd3 80.Kc1 Rd4 81.Re8 f4 82.Re7 Ra4 83.Rd7+ Ke3 84.Kc2 Rc4 85.Rd3+ Ke2
86.Rd8 Kxf3 87.Rh8 Ke3 88.Re8+ Kf2 89.Rf8 f3 90.Re8 Kf1 91.Ra8 f2 92.Ra1+ Kg2
93.Kd3 f1=Q+  0-1